Боевое донесение (шифровка) командующего Тихоокеанским флотом И. С. Юмашева Главнокомандующему советскими войсками на Дальнем Во...

RUSMARC
00005683cam0a2200313#x 450
0011e0ae21d-2f33-4466-917d-e2aa5f8fedcf
00520250904113603.0
100##$a20250828d19450819k###0rusy50 ca
1010#$arus
102##$aRU
1220#$ad19450819##
2001#$aБоевое донесение (шифровка) командующего Тихоокеанским флотом И. С. Юмашева Главнокомандующему советскими войсками на Дальнем Востоке А. М. Василевскому и начальнику Главного морского штаба ВМФ С. Г. Кучерову о подписании японцами условий капитуляции и начале сдачи оружия на о. Шумшу
$j19 августа 1945 г.
251##$cДокумент
300##$aПодлинник
461#0$12001
$aФ. 66
$1251
$cФонд
$1852
$j66
462#0$12001
$aОп. 178499
$1251
$cОпись
$1852
$j178499
462#0$12001
$aД. 1
$vЛ. 444
$1251
$cДело
$1852
$j1
60102$2nlr_sh
$3RU\NLR\AUTH\661497483
$aТихоокеанский флот
$xБоевые действия
$z1945
$jДокументы и материалы
605##$2prlib_sh
$3LIBNET\UAF\0000088514
$aВторая мировая война в архивных документах (Комплекс оцифрованных архивных документов, кино- и фотоматериалов)
$lколлекция
605##$2acquisition_Prlib
$3DITM\AF\0000002775
$aВласть
$lколлекция
605##$2acquisition_Prlib
$3DITM\AF\0000003834
$aНарод
$lколлекция
6061#$aВторая мировая война
$z1939 - 1945
$zЧетвертый период
$z1944 - 1945
$jДокументы и материалы
$2nlr_sh
$3RU\NLR\AUTH\661312452
6061#$2nlr_sh
$3RU\NLR\AUTH\66249354
$aСоветско-японская война
$z1945
$jДокументы и материалы
686##$a63.3(2)622,14ю1
$2rubbk
$vLBC/M
686##$a63.3(0)62,1ю1
$2rubbk
$vLBC/M
801#0$aRU
$bПБ им. Б.Н. Ельцина
$c20250828
801#1$aRU
$bПБ им. Б.Н. Ельцина
$c20250828
$2rusmarc
801#2$aRU
$bПБ им. Б.Н. Ельцина
$c20250901
$2rusmarc
850##$aЦентральный архив Министерства обороны Российской Федерации
852##$aЦА МО РФ
$jЛ. 444
035##$aLIBNET\0001494895
937##$d198133207
$hФедеральное архивное агентство
8564#$uhttp://readingroom.main.prlib.ru/item.aspx?id_node=n198133207&mode=full
607##$aЯпония
$xКапитуляция
$z1945, сентябрь
$jДокументы и материалы
$2nlr_sh
$3RU\NLR\AUTH\66251654
Формат отображения